00454nam a22001577a 4500003000400000020001800004082001900022100001800041245002600059260003800085300000700123650002700130942001200157952011000169999001700279SGT a9786207485178 a617.6342bD25J aJain, Nimisha aDeep margin elevation bLambert Academic Publishingc2025 a58 aConservative Dentistry 2ddccBK 00102ddc4070aFDbFDd2026-02-23iSGTUl0o617.6342 D25JpFD10175r2026-02-23 00:00:00w2026-02-23yBK c34174d34174